000 00241nam a2200097Ia 4500
001 760569
005 20250826165151.0
008 250824s9999 xx 000 0 und d
245 0 _aMİMAR SİNAN
_cYAVUZ BAHADIROĞLU
260 _bPANAMA YAYINLARI
999 _c760569
_d760569